| 000 | 00627nam a2200205Ia 4500 | ||
|---|---|---|---|
| 001 | 9256 | ||
| 003 | GE_BSU | ||
| 008 | 181216s||||||||xx |||||||||||||| ||und|| | ||
| 040 | _cGE_BSU | ||
| 080 | _a693.54 | ||
| 100 | _aЛеви,С.С. Рабинович,С.Г. Совалов,И.Г. | ||
| 245 | _aБетонные железобетонные работы. | ||
| 250 | _aИзд. 2-е, испр. и перераб. | ||
| 260 | _aМ. | ||
| 260 | _bСтройиздат. | ||
| 260 | _c1974. | ||
| 300 | _a288 стр. с илл. 21см. | ||
| 653 | _aБетонные железобетонные работы. | ||
| 942 | _cBK | ||
| 999 |
_c42557 _d42557 |
||